000 01068nam a22001337a 4500
999 _c531618
_d531618
008 250922b ||||| |||| 00| 0 eng d
100 _aSingh, Anita
_956853
245 _aSouth China sea dispute: Way forward?
260 _aIndian Institute of Public Administration Digest
300 _a6(3), Jul-Sep, 2024: p.46-47
520 _aAs the name suggests, South China Sea (SCS) is located south of Chinese mainland. It is a huge water body with an area of 3.5 million km². This area is under intense focus due to aggressive and overlapping claims made by China on others territorial waters. The growing interest in SCS is due to the discovery of oil and natural gas below the bed of SCS. It is also the hotbed for fishing industry as 12% of global fish catch comes from SCS. It is believed that there is 11 billion barrels of oil and 190 trillion cubic feet of natural gas is in the SCS. – Reproduced https://www.iipa.org.in/GyanKOSH/posts/south-china-sea-dispute-way-forward
773 _aIndian Institute of Public Administration Digest
942 _cAR